| 000 | 00353nam a2200145Ia 4500 | ||
|---|---|---|---|
| 008 | 230312s9999||||xx |||||||||||||| ||und|| | ||
| 020 | _a0-7895-6649-4 | ||
| 082 |
_a658.403 _bCAS-S |
||
| 100 | _aCashman;Shelly | ||
| 245 | 0 | _aSystem Analysis and Desighn | |
| 260 |
_bThomson _aUSA _c2003 |
||
| 300 | _a640 | ||
| 650 |
_aComputer _vComputer |
||
| 942 | _cBK | ||
| 999 |
_c15577 _d15577 |
||